Airlines by IATA Code - Statistics

General Stats
  • This quiz has been taken 115 times
  • The average score is 12 of 24
Answer Stats
IATA Code Airline % Correct
AA American Airlines
96%
IB Iberia
79%
LH Lufthansa
79%
AC Air Canada
78%
QF Qantas
76%
AI Air India
72%
DL Delta
72%
EK Emirates
64%
TK Turkish Airlines
64%
AV Avianca
56%
KL KLM
55%
LO LOT
50%
CA Air China
46%
NH All Nippon
40%
KE Korean Air
38%
LA LATAM
38%
CI China Airlines
35%
VS Virgin Atlantic
32%
FR Ryanair
31%
SU Aeroflot
27%
GF Gulf Air
23%
WN Southwest Airlines
21%
W6 Wizz Air
17%
AK Air Asia
8%
No matching quizzes found
Score Distribution
Percent of People with Each Score
Percentile by Number Answered
Your Score History
You have not taken this quiz